| 000 | nam a22 a 4500 | ||
|---|---|---|---|
| 999 |
_c4658 _d4658 |
||
| 003 | AKMAL | ||
| 005 | 20170727103718.0 | ||
| 008 | 170727t20152015my e 000 0 may d | ||
| 020 |
_a9789674160678 _qpaperback _cRM44.90 |
||
| 040 | _aBNM | ||
| 082 | 0 | 4 |
_a336.271409595 NOR _223 |
| 090 | 0 | 0 |
_a336.271409595 _bNOR |
| 100 | 0 |
_aNorsa'adah Ahmad, _d1979- _eauthor. _98974 |
|
| 245 | 1 | 0 |
_aGST UNTUK BISNES & PENIAGA : _b40 Soalan Penting Untuk Memahami GST dan Pelaksanaannya Di Malaysia / _cNORSA'ADAH AHMAD |
| 246 | 3 | _aGoods and Services Tax untuk bisnes & peniaga | |
| 264 | 1 |
_a[Petaling Jaya, Selangor] : _bTrueWealth Sdn Bhd, _c[2015?] |
|
| 264 | 4 | _c©2015 | |
| 300 |
_axiv, 234 pages ; _c21 cm |
||
| 504 | _aBibliography: page 233 | ||
| 650 | 1 | 0 |
_aSales tax _zMalaysia _9178 |
| 650 | 2 | 0 |
_aValue-added tax _zMalaysia _9180 |
| 650 | 2 | 0 |
_aTaxation _zMalaysia _9179 |
| 942 |
_2ddc _cBOOK |
||
| 950 | _lAKMAL | ||